[Event "7th Iberoamerican-ch 2019"]
[Site "Linares"]
[Date "2019.08.13"]
[Round "4.4"]
[White "Vazquez Igarza, Renier"]
[Black "Escobar Forero, Alder"]
[Result "1/2-1/2"]
[WhiteElo "2558"]
[BlackElo "2477"]
[Annotator "ChessBase"]
[PlyCount "39"]
[EventDate "2019.08.10"]
[EventType "swiss"]
[EventCountry "ESP"]
[SourceTitle "playchess.com"]
[Source "ChessBase"]
[SourceQuality "1"]
[TimeControl "5400+30"]

1. e4 {[%emt 0:00:00]} d5 {[%emt 0:00:00]} 2. exd5 {[%emt 0:00:00]} Qxd5 {[%emt 0:00:00]} 3. Nc3 {[%emt 0:00:36]} Qa5 {[%emt 0:01:07]} 4. d4 {[%emt 0:00:46]} Nf6 {[%emt 0:00:54]} 5. Nf3 {[%emt 0:00:19]} c6 {[%emt 0:00:20]} 6. Bc4 {[%emt 0:00:20]} Bf5 {[%emt 0:00:56]} 7. Bd2 {[%emt 0:00:20]} e6 {[%emt 0:01:10]} 8. Qe2 {[%emt 0:02:38]} Bb4 {[%emt 0:04:31]} 9. O-O-O {[%emt 0:00:15]} Nbd7 {[%emt 0:01:43]} 10. a3 {[%emt 0:00:18]} Bxc3 {[%emt 0:00:27]} 11. Bxc3 {[%emt 0:00:08]} Qc7 {[%emt 0:00:19]} 12. Ne5 {[%emt 0:00:16]} Nd5 {[%emt 0:09:07]} 13. Bd2 {[%emt 0:00:46]} h5 {[%emt 0:10:33]} 14. Rhe1 {[%emt 0:02:32]} Nxe5 {[%emt 0:00:37]} 15. dxe5 {[%emt 0:00:09]} O-O-O {[%emt 0:00:24]} 16. Bg5 {[%emt 0:04:54]} Rd7 {[%emt 0:02:19]} 17. Bd3 {[%emt 0:00:19]} f6 {[%emt 0:26:28]} 18. Bxf5 {[%emt 0:02:25]} exf5 {[%emt 0:00:20]} 19. exf6 {[%emt 0:00:47]} gxf6 {[%emt 0:01:11]} 20. Bd2 {[%emt 0:00:07]} 1/2-1/2

[Event "7th Iberoamerican-ch 2019"]
[Site "Linares"]
[Date "2019.08.13"]
[Round "4.5"]
[White "Garriga Cazorla, Pere"]
[Black "Albornoz Cabrera, Carlos Daniel"]
[Result "1/2-1/2"]
[WhiteElo "2495"]
[BlackElo "2566"]
[Annotator "ChessBase"]
[PlyCount "75"]
[EventDate "2019.08.10"]
[EventType "swiss"]
[EventCountry "ESP"]
[SourceTitle "playchess.com"]
[Source "ChessBase"]
[SourceQuality "1"]
[TimeControl "5400+30"]

1. d4 {[%emt 0:00:00]} Nf6 {[%emt 0:00:00]} 2. c4 {[%emt 0:00:00]} e6 {[%emt 0:00:00]} 3. Nc3 {[%emt 0:00:16]} Bb4 {[%emt 0:00:04]} 4. Qc2 {[%emt 0:00:44]} O-O {[%emt 0:00:07]} 5. Nf3 {[%emt 0:00:04]} c5 {[%emt 0:00:05]} 6. dxc5 {[%emt 0:00:14]} Na6 {[%emt 0:00:06]} 7. g3 {[%emt 0:00:03]} Nxc5 {[%emt 0:00:05]} 8. Bg2 {[%emt 0:00:07]} Nfe4 {[%emt 0:00:08]} 9. O-O {[%emt 0:05:18]} Bxc3 {[%emt 0:00:50]} 10. bxc3 {[%emt 0:00:06]} b6 {[%emt 0:00:03]} 11. Ng5 {[%emt 0:26:22]} d5 {[%emt 0:00:25]} 12. Nxe4 {[%emt 0:00:18]} dxe4 {[%emt 0:00:06]} 13. Bxe4 {[%emt 0:01:10]} Nxe4 {[%emt 0:00:05]} 14. Qxe4 {[%emt 0:00:17]} Ba6 {[%emt 0:00:04]} 15. Ba3 {[%emt 0:00:40]} Re8 {[%emt 0:00:31]} 16. c5 {[%emt 0:03:50]} Qd2 {[%emt 0:18:01]} 17. c4 {[%emt 0:10:20]} Qc3 {[%emt 0:10:55]} 18. Qd3 {[%emt 0:08:11]} Qxc4 {[%emt 0:00:07]} 19. Qxc4 {[%emt 0:00:04]} Bxc4 {[%emt 0:00:06]} 20. Rfe1 {[%emt 0:00:13]} Rec8 {[%emt 0:01:34]} 21. Kf1 {[%emt 0:00:25]} b5 {[%emt 0:01:50]} 22. Rec1 {[%emt 0:02:11]} a5 {[%emt 0:01:39]} 23. Rc2 {[%emt 0:04:16]} Rd8 {[%emt 0:02:20]} 24. f3 {[%emt 0:02:48]} Rd5 {[%emt 0:04:59]} 25. Kf2 {[%emt 0:01:24]} Rc8 {[%emt 0:03:02]} 26. Rac1 {[%emt 0:01:08]} Kf8 {[%emt 0:01:33]} 27. Ke1 {[%emt 0:02:36]} Ke8 {[%emt 0:06:04]} 28. Ra1 {[%emt 0:08:38]} f6 {[%emt 0:03:19]} 29. h4 {[%emt 0:01:53]} Kd7 {[%emt 0:00:53]} 30. Rb1 {[%emt 0:00:33]} Kc7 {[%emt 0:06:09]} 31. Bc1 {[%emt 0:04:26]} Rxc5 {[%emt 0:00:40]} 32. Bd2 {[%emt 0:00:17]} b4 {[%emt 0:09:23]} 33. a3 {[%emt 0:00:16]} bxa3 {[%emt 0:03:18]} 34. Ra1 {[%emt 0:00:16]} Kb7 {[%emt 0:04:54]} 35. Rxa3 {[%emt 0:00:07]} Ka6 {[%emt 0:00:16]} 36. Rc1 {[%emt 0:00:03]} Rb5 {[%emt 0:02:37]} 37. Ra4 {[%emt 0:00:44]} Rbc5 {[%emt 0:00:14]} 38. Rca1 {[%emt 0:00:06]} 1/2-1/2

[Event "7th Iberoamerican-ch 2019"]
[Site "Linares"]
[Date "2019.08.13"]
[Round "4.6"]
[White "Ladron De Guevara Pinto, Paolo"]
[Black "Cruz, Cristhian"]
[Result "1/2-1/2"]
[WhiteElo "2416"]
[BlackElo "2562"]
[Annotator "ChessBase"]
[PlyCount "35"]
[EventDate "2019.08.10"]
[EventType "swiss"]
[EventCountry "ESP"]
[SourceTitle "playchess.com"]
[Source "ChessBase"]
[SourceQuality "1"]
[TimeControl "5400+30"]

1. d4 {[%emt 0:00:00]} e6 {[%emt 0:00:00]} 2. c4 {[%emt 0:00:00]} Nf6 {[%emt 0:00:00]} 3. Nc3 {[%emt 0:00:00]} Bb4 {[%emt 0:00:21]} 4. e3 {[%emt 0:00:00]} b6 {[%emt 0:00:32]} 5. Nge2 {[%emt 0:00:36]} c5 {[%emt 0:00:59]} 6. a3 {[%emt 0:01:26]} Ba5 {[%emt 0:00:04]} 7. g3 {[%emt 0:05:35]} O-O {[%emt 0:19:30]} 8. Bg2 {[%emt 0:08:13]} d5 {[%emt 0:09:22]} 9. O-O {[%emt 0:10:52]} Bxc3 {[%emt 0:09:50]} 10. Nxc3 {[%emt 0:02:30]} Ba6 {[%emt 0:02:14]} 11. b3 {[%emt 0:01:27]} Nbd7 {[%emt 0:01:14]} 12. Re1 {[%emt 0:10:33]} dxc4 {[%emt 0:21:26]} 13. bxc4 {[%emt 0:06:04]} cxd4 {[%emt 0:05:43]} 14. exd4 {[%emt 0:02:28]} Bxc4 {[%emt 0:00:32]} 15. Bxa8 {[%emt 0:06:08]} Qxa8 {[%emt 0:00:03]} 16. Qa4 {[%emt 0:01:36]} Rc8 {[%emt 0:02:39]} 17. Be3 {[%emt 0:01:49]} a6 {[%emt 0:04:25]} 18. Rac1 {[%emt 0:00:44]} 1/2-1/2

[Event "7th Iberoamerican-ch 2019"]
[Site "Linares"]
[Date "2019.08.13"]
[Round "4.7"]
[White "Huerga Leache, Mikel"]
[Black "Martinez Duany, Lelys Stanley"]
[Result "1-0"]
[WhiteElo "2440"]
[BlackElo "2535"]
[Annotator "ChessBase"]
[PlyCount "87"]
[EventDate "2019.08.10"]
[EventType "swiss"]
[EventCountry "ESP"]
[SourceTitle "playchess.com"]
[Source "ChessBase"]
[SourceQuality "1"]
[TimeControl "5400+30"]

1. d4 {[%emt 0:01:12]} Nf6 {[%emt 0:00:00]} 2. Nf3 {[%emt 0:00:11]} g6 {[%emt 0:00:26]} 3. c4 {[%emt 0:00:53]} Bg7 {[%emt 0:00:36]} 4. g3 {[%emt 0:00:56]} O-O {[%emt 0:01:43]} 5. Bg2 {[%emt 0:00:29]} c6 {[%emt 0:01:41]} 6. O-O {[%emt 0:00:41]} d5 {[%emt 0:00:05]} 7. Qb3 {[%emt 0:03:31]} Qb6 {[%emt 0:02:48]} 8. Nc3 {[%emt 0:01:08]} Rd8 {[%emt 0:00:06]} 9. Na4 {[%emt 0:01:59]} Qa6 {[%emt 0:01:32]} 10. cxd5 {[%emt 0:02:42]} cxd5 {[%emt 0:00:31]} 11. Nc5 {[%emt 0:01:10]} Qb6 {[%emt 0:01:27]} 12. Bf4 {[%emt 0:07:07]} Qxb3 {[%emt 0:00:59]} 13. axb3 {[%emt 0:00:53]} Nc6 {[%emt 0:00:44]} 14. Rfc1 {[%emt 0:06:28]} Ne8 {[%emt 0:01:22]} 15. e3 {[%emt 0:05:06]} f6 {[%emt 0:24:04]} 16. g4 {[%emt 0:00:45]} Nb4 {[%emt 0:07:30]} 17. Ne1 {[%emt 0:09:15]} b6 {[%emt 0:04:50]} 18. Ncd3 {[%emt 0:02:06]} Nxd3 {[%emt 0:00:09]} 19. Nxd3 {[%emt 0:00:12]} Bxg4 {[%emt 0:00:12]} 20. Bc7 {[%emt 0:10:31]} Nxc7 {[%emt 0:05:14]} 21. Rxc7 {[%emt 0:00:09]} e5 {[%emt 0:00:10]} 22. Nb4 {[%emt 0:07:00]} e4 {[%emt 0:00:45]} 23. Nxd5 {[%emt 0:07:30]} Rxd5 {[%emt 0:00:39]} 24. Bxe4 {[%emt 0:00:02]} Rad8 {[%emt 0:00:48]} 25. Bxd5+ {[%emt 0:00:59]} Rxd5 {[%emt 0:00:06]} 26. Raxa7 {[%emt 0:00:15]} Bf8 {[%emt 0:00:14]} 27. Rcb7 {[%emt 0:02:54]} Rb5 {[%emt 0:11:12]} 28. Kg2 {[%emt 0:05:24]} Be2 {[%emt 0:06:03]} 29. h4 {[%emt 0:02:48]} g5 {[%emt 0:00:55]} 30. Rb8 {[%emt 0:01:58]} Rf5 {[%emt 0:00:41]} 31. Rd7 {[%emt 0:02:51]} Bf3+ {[%emt 0:00:33]} 32. Kg3 {[%emt 0:00:23]} gxh4+ {[%emt 0:02:18]} 33. Kxh4 {[%emt 0:01:27]} Rd5 {[%emt 0:01:48]} 34. Rc7 {[%emt 0:02:29]} Be2 {[%emt 0:04:43]} 35. Rcc8 {[%emt 0:03:34]} Rh5+ {[%emt 0:01:34]} 36. Kg3 {[%emt 0:00:01]} Rg5+ {[%emt 0:00:16]} 37. Kh4 {[%emt 0:00:04]} Rh5+ {[%emt 0:00:53]} 38. Kg3 {[%emt 0:00:01]} Rg5+ {[%emt 0:00:09]} 39. Kf4 {[%emt 0:02:22]} Rg4+ {[%emt 0:01:23]} 40. Kf5 {[%emt 0:00:00]} Rg5+ {[%emt 0:00:17]} 41. Kxf6 {[%emt 0:01:19]} Rg6+ {[%emt 0:00:12]} 42. Ke5 {[%emt 0:00:07]} Rg5+ {[%emt 0:00:26]} 43. Kf4 {[%emt 0:00:35]} Rg4+ {[%emt 0:00:08] Ke4} 44. Kf5 {[%emt 0:00:28]} 1-0

[Event "7th Iberoamerican-ch 2019"]
[Site "Linares"]
[Date "2019.08.13"]
[Round "4.8"]
[White "Sosa, Tomas"]
[Black "Aizpurua, Patrick"]
[Result "1-0"]
[WhiteElo "2516"]
[BlackElo "2243"]
[Annotator "ChessBase"]
[PlyCount "88"]
[EventDate "2019.08.10"]
[EventType "swiss"]
[EventCountry "ESP"]
[SourceTitle "playchess.com"]
[Source "ChessBase"]
[SourceQuality "1"]
[TimeControl "5400+30"]

1. e4 {[%emt 0:00:22]} e5 {[%emt 0:00:00]} 2. Nf3 {[%emt 0:00:06]} Nc6 {[%emt 0:00:00]} 3. Bb5 {[%emt 0:00:05]} a6 {[%emt 0:00:00]} 4. Ba4 {[%emt 0:00:05]} Nf6 {[%emt 0:00:00]} 5. O-O {[%emt 0:00:05]} Be7 {[%emt 0:00:00]} 6. d3 {[%emt 0:00:43]} b5 {[%emt 0:00:24]} 7. Bb3 {[%emt 0:00:06]} d6 {[%emt 0:00:32]} 8. a4 {[%emt 0:00:07]} Bd7 {[%emt 0:00:06]} 9. c3 {[%emt 0:00:15]} O-O {[%emt 0:00:34]} 10. Bc2 {[%emt 0:00:19]} d5 {[%emt 0:05:16]} 11. exd5 {[%emt 0:07:12]} Nxd5 {[%emt 0:00:09]} 12. Re1 {[%emt 0:00:17]} Bd6 {[%emt 0:21:25]} 13. Nbd2 {[%emt 0:01:23]} Nf6 {[%emt 0:07:41]} 14. Nf1 {[%emt 0:08:29]} h6 {[%emt 0:11:11]} 15. Ng3 {[%emt 0:03:59]} Bc5 {[%emt 0:05:09]} 16. h3 {[%emt 0:15:03]} Re8 {[%emt 0:00:46]} 17. axb5 {[%emt 0:01:40]} axb5 {[%emt 0:00:06]} 18. Rxa8 {[%emt 0:00:05]} Qxa8 {[%emt 0:00:06]} 19. Nh4 {[%emt 0:00:09]} b4 {[%emt 0:21:51]} 20. Nhf5 {[%emt 0:07:27]} bxc3 {[%emt 0:10:25]} 21. bxc3 {[%emt 0:00:07]} Ne7 {[%emt 0:01:52]} 22. Nxg7 {[%emt 0:12:28]} Kxg7 {[%emt 0:01:07]} 23. d4 {[%emt 0:00:04]} exd4 {[%emt 0:05:44]} 24. Nh5+ {[%emt 0:00:10]} Nxh5 {[%emt 0:00:09]} 25. Qxh5 {[%emt 0:00:05]} Qc6 {[%emt 0:02:55]} 26. Re5 {[%emt 0:18:25]} Nf5 {[%emt 0:02:15]} 27. Rxe8 {[%emt 0:00:47]} Bxe8 {[%emt 0:03:00]} 28. Qxf5 {[%emt 0:00:05]} dxc3 {[%emt 0:00:32]} 29. Qh7+ {[%emt 0:01:05]} Kf8 {[%emt 0:00:30]} 30. Bxh6+ {[%emt 0:00:04]} Ke7 {[%emt 0:00:04]} 31. Bg5+ {[%emt 0:00:05]} Kd6 {[%emt 0:00:31]} 32. Qd3+ {[%emt 0:13:02]} Qd5 {[%emt 0:00:18]} 33. Bf4+ {[%emt 0:00:33]} Ke6 {[%emt 0:00:12]} 34. Qxc3 {[%emt 0:00:13]} Kd7 {[%emt 0:00:56]} 35. Bb3 {[%emt 0:01:26]} Qd4 {[%emt 0:00:51]} 36. Qf3 {[%emt 0:00:06]} c6 {[%emt 0:00:48]} 37. h4 {[%emt 0:02:14]} f5 {[%emt 0:00:28]} 38. Bc2 {[%emt 0:00:35]} Qf6 {[%emt 0:00:30]} 39. Qd3+ {[%emt 0:00:22]} Bd4 {[%emt 0:00:32]} 40. Be3 {[%emt 0:01:12]} c5 {[%emt 0:00:18]} 41. Ba4+ {[%emt 0:00:10]} Ke6 {[%emt 0:00:40]} 42. Qa6+ {[%emt 0:01:55]} Kd5 {[%emt 0:00:29]} 43. Bb3+ {[%emt 0:02:26]} Ke4 {[%emt 0:00:32]} 44. Qe2 {[%emt 0:00:06]} f4 1-0

[Event "7th Iberoamerican-ch 2019"]
[Site "Linares"]
[Date "2019.08.13"]
[Round "4.9"]
[White "Zambrana, Oswaldo"]
[Black "Cori, Jorge"]
[Result "1/2-1/2"]
[WhiteElo "2440"]
[BlackElo "2686"]
[Annotator "ChessBase"]
[PlyCount "103"]
[EventDate "2019.08.10"]
[EventType "swiss"]
[EventCountry "ESP"]
[SourceTitle "playchess.com"]
[Source "ChessBase"]
[SourceQuality "1"]
[TimeControl "5400+30"]

1. e4 {[%emt 0:00:35]} c5 {[%emt 0:00:00]} 2. Nf3 {[%emt 0:00:00]} e6 {[%emt 0:00:00]} 3. d4 {[%emt 0:00:00]} cxd4 {[%emt 0:00:00]} 4. Nxd4 {[%emt 0:00:11]} a6 {[%emt 0:00:00]} 5. c4 {[%emt 0:00:37]} Nf6 {[%emt 0:00:00]} 6. Nc3 {[%emt 0:00:06]} Qc7 {[%emt 0:00:00]} 7. a3 {[%emt 0:00:12]} b6 {[%emt 0:00:00]} 8. Be3 {[%emt 0:00:20]} Bb7 {[%emt 0:00:00]} 9. f3 {[%emt 0:00:09]} d6 {[%emt 0:00:33]} 10. Rc1 {[%emt 0:00:36]} Nbd7 {[%emt 0:00:11]} 11. Be2 {[%emt 0:00:26]} Be7 {[%emt 0:00:02]} 12. O-O {[%emt 0:00:38]} O-O {[%emt 0:00:47]} 13. b4 {[%emt 0:00:42]} Rac8 {[%emt 0:00:21]} 14. Qd2 {[%emt 0:00:10]} Qb8 {[%emt 0:00:32]} 15. Kh1 {[%emt 0:00:47]} Bd8 {[%emt 0:01:07]} 16. Bg1 {[%emt 0:00:16]} Bc7 {[%emt 0:00:05]} 17. Rc2 {[%emt 0:00:20]} Rfe8 {[%emt 0:02:37]} 18. Rb1 {[%emt 0:03:47]} Qa8 {[%emt 0:18:58]} 19. a4 {[%emt 0:13:27]} Red8 {[%emt 0:10:05]} 20. Qc1 {[%emt 0:05:21]} h6 {[%emt 0:00:50]} 21. Nb3 {[%emt 0:04:16]} d5 {[%emt 0:13:48]} 22. cxd5 {[%emt 0:01:50]} exd5 {[%emt 0:00:19]} 23. Nxd5 {[%emt 0:02:16]} Nxd5 {[%emt 0:00:07]} 24. exd5 {[%emt 0:00:19]} Bd6 {[%emt 0:03:15]} 25. Nd4 {[%emt 0:00:41]} Bxd5 {[%emt 0:02:25]} 26. Bc4 {[%emt 0:22:16]} Bxc4 {[%emt 0:03:36]} 27. Rxc4 {[%emt 0:00:38]} Ne5 {[%emt 0:00:23]} 28. Rxc8 {[%emt 0:00:26]} Rxc8 {[%emt 0:00:05]} 29. Qd1 {[%emt 0:01:47]} Bf8 {[%emt 0:11:28]} 30. Qe2 {[%emt 0:01:45]} Nc4 {[%emt 0:01:05]} 31. Rc1 {[%emt 0:02:00]} Nd6 {[%emt 0:05:10]} 32. Rxc8 {[%emt 0:02:27]} Qxc8 {[%emt 0:00:04]} 33. b5 {[%emt 0:03:37]} axb5 {[%emt 0:01:59]} 34. Nxb5 {[%emt 0:00:56]} Nc4 {[%emt 0:02:52]} 35. g3 {[%emt 0:03:15]} Qa8 {[%emt 0:06:21]} 36. Nc3 {[%emt 0:03:40]} Bb4 {[%emt 0:00:10]} 37. Ne4 {[%emt 0:00:51]} Qc6 {[%emt 0:05:41]} 38. Kg2 {[%emt 0:01:17]} Ba5 {[%emt 0:00:04]} 39. Nc5 {[%emt 0:04:35]} Nd2 {[%emt 0:07:02]} 40. Ne4 {[%emt 0:00:09]} Nc4 {[%emt 0:03:09]} 41. Nc5 {[%emt 0:00:06]} Nd6 {[%emt 0:02:00]} 42. Ne4 {[%emt 0:00:04]} Nf5 {[%emt 0:00:34]} 43. Qb5 {[%emt 0:01:29]} Qxb5 {[%emt 0:00:04]} 44. axb5 {[%emt 0:00:08]} Kf8 {[%emt 0:00:21]} 45. g4 {[%emt 0:00:31]} Ne7 {[%emt 0:02:33]} 46. Nd6 {[%emt 0:03:31]} Nd5 {[%emt 0:00:10]} 47. Nc4 {[%emt 0:00:15]} Ke8 {[%emt 0:00:38]} 48. Bd4 {[%emt 0:01:29]} f6 {[%emt 0:00:11]} 49. Kg3 {[%emt 0:00:25]} Be1+ {[%emt 0:00:16]} 50. Kg2 {[%emt 0:02:05]} Nc7 {[%emt 0:01:34]} 51. Nd6+ {[%emt 0:01:09]} Ke7 {[%emt 0:00:12]} 52. Nf5+ {[%emt 0:00:54]} 1/2-1/2

[Event "7th Iberoamerican-ch 2019"]
[Site "Linares"]
[Date "2019.08.13"]
[Round "4.10"]
[White "Cori T., Deysi"]
[Black "Vallejo Pons, Francisco"]
[Result "*"]
[WhiteElo "2405"]
[BlackElo "2687"]
[Annotator "TA"]
[PlyCount "31"]
[EventDate "2019.08.10"]
[EventType "swiss"]
[EventCountry "ESP"]
[SourceTitle "playchess.com"]
[Source "ChessBase"]
[SourceQuality "1"]

{[%evp 12,26,38,34,28,14,42,34,40,35,47,29,41,29,35,0,0]} 1. d4 Nf6 2. c4 c5 3. d5 b5 4. cxb5 a6 5. b6 d6 6. Nc3 Nbd7 7. a4 {[%cal Ba2a4,Ba4a5][%mdl 32] Threatens to win with a5.} Qxb6 {A57: Benko/Volga Gambit} 8. Nf3 g6 9. a5 Qb7 {White is slightly better.} 10. e4 Bg7 11. Be2 O-O 12. Nd2 Ne8 13. Ra3 Nc7 {Predecessor:} 14. Rb3 $146 Nb5 15. Bxb5 axb5 16. Nxb5 {0-1 (65) Golichenko,I (2412)-Hamitevici,V (2416) Kiev 2011} *

[Event "7th Iberoamerican-ch 2019"]
[Site "Linares"]
[Date "2019.08.13"]
[Round "4.10"]
[White "Cori T., Deysi"]
[Black "Vallejo Pons, Francisco"]
[Result "0-1"]
[WhiteElo "2405"]
[BlackElo "2687"]
[Annotator "ChessBase"]
[PlyCount "64"]
[EventDate "2019.08.10"]
[EventType "swiss"]
[EventCountry "ESP"]
[SourceTitle "playchess.com"]
[Source "ChessBase"]
[SourceQuality "1"]
[TimeControl "5400+30"]

1. d4 {[%emt 0:00:00]} Nf6 {[%emt 0:00:00]} 2. c4 {[%emt 0:00:00]} c5 {[%emt 0:00:31]} 3. d5 {[%emt 0:00:00]} b5 {[%emt 0:02:03]} 4. cxb5 {[%emt 0:00:00]} a6 {[%emt 0:00:02]} 5. b6 {[%emt 0:00:08]} d6 {[%emt 0:02:25]} 6. Nc3 {[%emt 0:11:33]} Nbd7 {[%emt 0:00:47]} 7. a4 {[%emt 0:01:23]} Qxb6 {[%emt 0:03:06]} 8. Nf3 {[%emt 0:02:30]} g6 {[%emt 0:01:58]} 9. a5 {[%emt 0:02:14]} Qb7 {[%emt 0:15:16]} 10. e4 {[%emt 0:08:19]} Bg7 {[%emt 0:00:33]} 11. Be2 {[%emt 0:08:00]} O-O {[%emt 0:01:17]} 12. Nd2 {[%emt 0:02:10]} Ne8 {[%emt 0:03:13]} 13. Ra3 {[%emt 0:04:54]} Nc7 {[%emt 0:06:00]} 14. h4 {[%emt 0:14:52]} Nb5 {[%emt 0:10:42]} 15. Nxb5 {[%emt 0:02:38]} axb5 {[%emt 0:00:03]} 16. h5 {[%emt 0:00:24]} c4 {[%emt 0:08:27]} 17. b4 {[%emt 0:09:34]} cxb3 {[%emt 0:03:10]} 18. Nxb3 {[%emt 0:00:02]} b4 {[%emt 0:03:35]} 19. Ra2 {[%emt 0:00:09]} Bc3+ {[%emt 0:01:32]} 20. Kf1 {[%emt 0:04:30]} Nf6 {[%emt 0:01:15]} 21. Qd3 {[%emt 0:01:56]} e6 {[%emt 0:05:47]} 22. Bd2 {[%emt 0:21:35]} exd5 {[%emt 0:06:32]} 23. a6 {[%emt 0:02:05]} Qb6 {[%emt 0:05:07]} 24. exd5 {[%emt 0:02:24]} Bf5 {[%emt 0:00:38]} 25. Qe3 {[%emt 0:00:27]} Qxe3 {[%emt 0:02:40]} 26. fxe3 {[%emt 0:00:07]} Nxd5 {[%emt 0:00:37]} 27. Ra5 {[%emt 0:00:19]} Nf6 {[%emt 0:02:42]} 28. Bxc3 {[%emt 0:00:34]} bxc3 {[%emt 0:00:24]} 29. Nd4 {[%emt 0:00:04]} Ne4 {[%emt 0:02:37]} 30. Rh4 {[%emt 0:01:08]} Rfc8 {[%emt 0:03:39]} 31. Bf3 {[%emt 0:00:43]} Nd2+ {[%emt 0:01:24]} 32. Ke2 {[%emt 0:00:13]} Nxf3 {[%emt 0:01:19]} 0-1

[Event "7th Iberoamerican-ch 2019"]
[Site "Linares"]
[Date "2019.08.13"]
[Round "4.11"]
[White "Salgado Lopez, Ivan"]
[Black "Valenzuela Gomez, Fernando"]
[Result "*"]
[WhiteElo "2596"]
[BlackElo "2394"]
[Annotator "ChessBase"]
[PlyCount "30"]
[EventDate "2019.08.10"]
[EventType "swiss"]
[EventCountry "ESP"]
[SourceTitle "playchess.com"]
[Source "ChessBase"]
[SourceQuality "1"]
[TimeControl "5400+30"]

1. d4 {[%emt 0:00:00]} g6 {[%emt 0:03:09]} 2. e4 {[%emt 0:01:47]} Bg7 {[%emt 0:00:09]} 3. c4 {[%emt 0:01:56]} e6 {[%emt 0:01:42]} 4. Nc3 {[%emt 0:02:22]} Ne7 {[%emt 0:00:12]} 5. Bg5 {[%emt 0:01:14]} h6 {[%emt 0:01:40]} 6. Bh4 {[%emt 0:00:52]} d5 {[%emt 0:02:09]} 7. cxd5 {[%emt 0:07:40]} exd5 {[%emt 0:06:41]} 8. exd5 {[%emt 0:00:34]} g5 {[%emt 0:05:21]} 9. Bg3 {[%emt 0:00:06]} Nxd5 {[%emt 0:00:40]} 10. Bc4 {[%emt 0:00:13]} Nxc3 {[%emt 0:04:27]} 11. bxc3 {[%emt 0:00:32]} O-O {[%emt 0:00:30]} 12. h4 {[%emt 0:06:44]} c5 {[%emt 0:22:43]} 13. hxg5 {[%emt 0:02:23]} cxd4 {[%emt 0:00:27]} 14. gxh6 {[%emt 0:02:02]} Bf6 {[%emt 0:00:22]} 15. Qh5 {[%emt 0:08:46]} Kh8 {[%emt 0:05:15]} *

[Event "7th Iberoamerican-ch 2019"]
[Site "Linares"]
[Date "2019.08.13"]
[Round "4.13"]
[White "Fier, Alexandr"]
[Black "Mieles Palau, Daniel"]
[Result "1-0"]
[WhiteElo "2547"]
[BlackElo "2359"]
[Annotator "ChessBase"]
[PlyCount "91"]
[EventDate "2019.08.10"]
[EventType "swiss"]
[EventCountry "ESP"]
[SourceTitle "playchess.com"]
[Source "ChessBase"]
[SourceQuality "1"]
[TimeControl "5400+30"]

1. c4 {[%emt 0:00:00]} e6 {[%emt 0:00:44]} 2. Nf3 {[%emt 0:00:00]} d5 {[%emt 0:00:15]} 3. g3 {[%emt 0:00:00]} dxc4 {[%emt 0:00:26]} 4. Qa4+ {[%emt 0:00:00]} c6 {[%emt 0:02:08]} 5. Qxc4 {[%emt 0:00:00]} b5 {[%emt 0:00:27]} 6. Qc2 {[%emt 0:00:01]} Bb7 {[%emt 0:01:22]} 7. Bg2 {[%emt 0:00:07]} Nd7 {[%emt 0:01:39]} 8. O-O {[%emt 0:00:07]} Rc8 {[%emt 0:05:08]} 9. a4 {[%emt 0:00:09]} a6 {[%emt 0:01:00]} 10. Nc3 {[%emt 0:00:07]} Ngf6 {[%emt 0:00:41]} 11. d3 {[%emt 0:00:06]} Be7 {[%emt 0:02:11]} 12. e4 {[%emt 0:00:05]} O-O {[%emt 0:00:48]} 13. h3 {[%emt 0:00:04]} b4 {[%emt 0:15:38]} 14. Nb1 {[%emt 0:00:13]} b3 {[%emt 0:01:13]} 15. Qe2 {[%emt 0:00:26]} a5 {[%emt 0:00:26]} 16. d4 {[%emt 0:06:21]} c5 {[%emt 0:00:51]} 17. Nc3 {[%emt 0:00:14]} Qb6 {[%emt 0:04:26]} 18. Rd1 {[%emt 0:01:39]} Rfe8 {[%emt 0:11:06]} 19. dxc5 {[%emt 0:06:49]} Nxc5 {[%emt 0:00:47]} 20. Nd4 {[%emt 0:08:43]} Ba6 {[%emt 0:02:06]} 21. Qe3 {[%emt 0:04:09]} Nd3 {[%emt 0:11:12]} 22. Rxd3 {[%emt 0:03:40]} Bxd3 {[%emt 0:00:09]} 23. Qxd3 {[%emt 0:00:02]} Red8 {[%emt 0:02:14]} 24. Be3 {[%emt 0:01:00]} Bc5 {[%emt 0:00:24]} 25. Qb5 {[%emt 0:00:22]} Rxd4 {[%emt 0:01:20]} 26. e5 {[%emt 0:05:32]} Nd5 {[%emt 0:04:51]} 27. Bxd5 {[%emt 0:02:45]} exd5 {[%emt 0:00:22]} 28. Bxd4 {[%emt 0:00:04]} Bxd4 {[%emt 0:02:31]} 29. Qxb6 {[%emt 0:00:05]} Bxb6 {[%emt 0:00:03]} 30. Nxd5 {[%emt 0:00:04]} Bc5 {[%emt 0:09:44]} 31. Kg2 {[%emt 0:01:34]} Bf8 {[%emt 0:01:03]} 32. Ne3 {[%emt 0:01:40]} Rb8 {[%emt 0:06:28]} 33. Nc4 {[%emt 0:01:27]} Bb4 {[%emt 0:00:38]} 34. Rd1 {[%emt 0:00:06]} Rc8 {[%emt 0:01:34]} 35. Nb6 {[%emt 0:00:06]} Re8 {[%emt 0:01:19]} 36. Rd3 {[%emt 0:00:39]} g5 {[%emt 0:00:37]} 37. Nd7 {[%emt 0:01:28]} Rc8 {[%emt 0:01:04]} 38. Rxb3 {[%emt 0:04:34]} Rc2 {[%emt 0:00:05]} 39. Rd3 {[%emt 0:00:02]} Rxb2 {[%emt 0:01:15]} 40. Nf6+ {[%emt 0:00:04]} Kg7 {[%emt 0:02:20]} 41. Rd8 {[%emt 0:00:05]} Bf8 {[%emt 0:01:09]} 42. Ra8 {[%emt 0:00:32]} Rc2 {[%emt 0:00:12]} 43. Nh5+ {[%emt 0:00:17]} Kg8 {[%emt 0:01:01]} 44. Rxa5 {[%emt 0:00:05]} h6 {[%emt 0:00:24]} 45. Ra8 {[%emt 0:00:04]} Rc5 {[%emt 0:00:14]} 46. a5 {[%emt 0:00:37]} 1-0